Matemáticas. Cuaderno de actividades. Curso 3º

Gespeichert in:
Bibliographische Detailangaben
Format: keine Angabe
Sprache:Spanisch
Erschienen: Madrid Bruño 1966
Katalog:MANES:  Suchergebnis im Bibliothekskatalog
Schulbuchspezifische Eigenschaften:
Tags: Tag hinzufügen
Keine Tags, Fügen Sie den ersten Tag hinzu!
Hinzugefügt zu:26.04.2016

MARC

LEADER 000000000a22000000004500
001 03567
003 OSt
008 160427s sp ||||| |||| 00| 0 spa d
040 |c centro_manes 
041 1 |a spa 
691 7 |a PRI 
245 0 0 |a Matemáticas. Cuaderno de actividades. Curso 3º 
260 3 |a Madrid  |b Bruño  |c 1966 
300 |a 18 p.  |c 28x21 cm 
500 |a Consta de 18 actividades. Fecha de publicación tomada del Depósito Legal 
690 0 |a MATE 
942 |2 ddc  |c BK 
546 |a España 
999 |c 9541  |d 9541 
999 |c manes:9541  |d 9541